Mapy w CS:GO - Statystyki

Ogólne statystyki
  • Ten quiz został rozwiązany 2 387 razy
  • Średni wynik to 14 z 40
Statystyki odpowiedzi
Tryb Mapa % Poprawnych
Grupa Delta Turniejowy Mirage
97%
.... .. Turniejowy Dust 2
93%
Grupa Delta Skrzydłowy Turniejowy Inferno
84%
Grupa Delta Skrzydłowy Turniejowy Nuke
78%
Zakładnicy Turniejowy Office
71%
Grupa Delta Skrzydłowy Turniejowy Overpass
71%
Grupa Delta Turniejowy Cache
70%
Grupa Sigma Skrzydłowy Cobblestone
70%
Grupa Sigma Skrzydłowy Turniejowy Vertigo
69%
Grupa Delta Skrzydłowy Turniejowy Train
68%
Wyścig Zbrojeń Demolka Latający Skaut Skrzydłowy Lake
60%
Demolka Skrzydłowy Shortdust
42%
Usunięte Dust 1
40%
Zakładnicy Turniejowy Agency
38%
Zakładnicy Italy
34%
Usunięte Aztec
33%
Wyścig Zbrojeń Demolka Latający Skaut Safehouse
30%
Skrzydłowy Rialto
28%
Zakładnicy Assault
26%
Demolka Bank
25%
Grupa Sigma Zoo
24%
Wyścig Zbrojeń Baggage
21%
Grupa Sigma Canals
21%
Zakładnicy Militia
19%
Wyścig Zbrojeń Shoots
18%
Strefa Zagrożenia Blacksite
13%
Wyścig Zbrojeń Demolka Latający Skaut St. Marc
13%
Strefa Zagrożenia Sirocco
12%
Latający Skaut Dizzy
11%
Wyścig Zbrojeń Monastery
11%
Usunięte Shorttrain
11%
Usunięte Austria
10%
Demolka Sugarcane
8%
Zakładnicy Workout
8%
Turniejowy Biome
7%
Grupa Sigma Ruby
7%
Usunięte Subzero
7%
Usunięte Abbey
6%
Usunięte Insertion
5%
Usunięte Shipped
4%
Nie znaleziono quizów pasujących do podanych kryteriów
Rozkład punktacji
Procent ludzi z każdym wynikiem
Percentyl według liczby udzielonych odpowiedzi
Twoja historia wyników
Nie rozwiązałeś tego quizu